Aspects of working force in India. (Record no. 69914)

MARC details
000 -LEADER
fixed length control field 00793cam a22002411 4500
001 - CONTROL NUMBER
control field sa 66005367
003 - CONTROL NUMBER IDENTIFIER
control field DLC
005 - DATE AND TIME OF LATEST TRANSACTION
control field 20260227112248.0
008 - FIXED-LENGTH DATA ELEMENTS--GENERAL INFORMATION
fixed length control field 780905s1965 ii 000 0 eng
010 ## - LIBRARY OF CONGRESS CONTROL NUMBER
LC control number sa 66005367
025 ## - OVERSEAS ACQUISITION NUMBER
Overseas acquisition number PL480:I-E-5192
035 ## - SYSTEM CONTROL NUMBER
System control number (OCoLC)4197232
040 ## - CATALOGING SOURCE
Original cataloging agency DLC
Transcribing agency MiEM
Modifying agency OCoLC
-- DLC
042 ## - AUTHENTICATION CODE
Authentication code premarc
050 00 - LIBRARY OF CONGRESS CALL NUMBER
Classification number HD5819
Item number .B6
100 1# - MAIN ENTRY--PERSONAL NAME
Personal name Bose, Ashish.
245 10 - TITLE STATEMENT
Title Aspects of working force in India.
260 ## - PUBLICATION, DISTRIBUTION, ETC.
Place of publication, distribution, etc. [New Delhi,
Name of publisher, distributor, etc. Shri Ram Centre Press,
Date of publication, distribution, etc. 1965]
300 ## - PHYSICAL DESCRIPTION
Extent vii, 27 p.
Dimensions 25 cm.
490 1# - SERIES STATEMENT
Series statement Shri Ram Centre for Industrial Relations. Industrial relations statistical series,
Volume/sequential designation no. 2
650 #0 - SUBJECT ADDED ENTRY--TOPICAL TERM
Topical term or geographic name entry element Labor supply
Geographic subdivision India.
810 2# - SERIES ADDED ENTRY--CORPORATE NAME
Corporate name or jurisdiction name as entry element Shri Ram Centre for Industrial Relations, Delhi.
Title of a work Industrial relations statistical series ;
Volume/sequential designation no. 2.

No items available.

Powered by Koha